000 00301nam a22001337a 4500
008 171027b xxu||||| |||| 00| 0 eng d
020 _a9780324006742
041 _aeng
080 _a336
100 _a55
101 _aMEN
245 _aPRACTICAL FINANCIAL MANAGEMENT
_cLASHER, W.R
942 _2udc
_cBK
999 _c36035
_d36035